[Event "BEL FEFB-ch op"]
[Site "Fontaine l'Eveque"]
[Date "2009.05.30"]
[Round "3"]
[White "Recloux, Georges"]
[Black "Kingunia, Claude"]
[Result "1-0"]
[WhiteElo "1472"]
[BlackElo "1177"]
[PlyCount "45"]
[EventDate "2009.05.29"]
[EventType "swiss"]
[EventRounds "7"]
[EventCountry "BEL"]
[SourceTitle "EXT 2012"]
[Source "ChessBase"]
[SourceDate "2011.11.24"]
[SourceVersion "1"]
[SourceVersionDate "2011.11.24"]
[SourceQuality "1"]

1. e4 c5 2. Nf3 d6 3. d4 cxd4 4. Nxd4 Nf6 5. Nc3 g6 6. Bc4 Bg7 7. Bb3 0-0 8. h3 Bd7 9. Be3 Nc6 10. Rb1 Rc8 11. Qd2 Ne5 12. Bh6 Nc4 13. Bxc4 Rxc4 14. Bxg7 Kxg7 15. f3 Rc8 16. 0-0 e5 17. Nb3 Nh5 18. Ne2 Bb5 19. Rf2 Bxe2 20. Rxe2 Ng3 21. Rf2 Rc4 22. Re1 Nh5 23. Ra1 1-0